000 01215nam a22002537a 4500
008 130821s2008 ck ao gr spa
020 _a9789584426905
040 _aCo-BoUCM
_bspa
041 0 0 _aspa
110 1 _aBogotá.
_bAlcaldía Mayor.
_bSecretaría de Cultura, Recreación y Deporte
_959641
245 1 0 _aBibliotecas de Bogotá
_cSecretaría de Cultura, Recreación y Deporte ; textos de Arturo Guerrero ; fotografías de Carlos Mario Lema ; prólogo de Carlos José Reyes
260 _aBogotá (Colombia)
_bTaller de Edición Rocca
_c2008
300 _a253 páginas
_bfotografías
500 _aBibliotecas especializadas. Bibliotecas comunitarias. Grandes bibliotecas. Universidades y Colegios. Directorio. Sobre autores.
650 0 4 _aBibliotecas universitarias
_zBogotá (Colombia)
_vFotografías
_910043
650 0 4 _aBibliotecas
_zBogotá (Colombia)
_97339
650 0 4 _aBibliotecas
_zBogotá (Colombia)
_vFotografías
_97339
650 0 4 _aBibliotecología
_910049
700 1 _aGuerrero, Arturo
_9158982
700 1 _aLema, Carlos Mario
_efot.
_9167265
700 1 _aReyes, Carlos José
_epról.
_966563
942 _cLIBRO
_a1
_e1
_mB675b
_2DEWEY
_h027.086142
999 _c68887
_d68887